000
00258nam a2200109Ia 4500
008
190907s9999||||xx |||||||||||||| ||und||
100
_a
Ash Rofail Yasser
245
0
_a
Mastering COM and COM +
260
_a
India
_b
sybex
_c
2000
300
_a
692
942
_c
BK
999
_c
6227
_d
6227